| 000 | 00348 a2200157 4500 | ||
|---|---|---|---|
| 001 | 61032 | ||
| 020 | _a8585651369 | ||
| 040 | _cAnchieta - Pituba | ||
| 100 | _aMarins Filho, Luiz A. | ||
| 240 | 1 | 0 |
_aProfissão vencedor: _lpor |
| 245 | 1 | 0 | _aProfissão vencedor: |
| 300 | _a162 | ||
| 362 | 0 | _a1998 | |
| 650 | 4 | _aSucesso em negócios | |
| 942 | _cBK | ||
| 999 |
_c61032 _d61032 |
||